000 00259nam a2200109Ia 4500
008 230320s9999||||xx |||||||||||||| ||spa||
082 _a193/E22
100 _aEckehart, Hochheim De
245 0 _aLibro Del Consuelo Divino
260 _bAguilar
942 _80
_cLIB
999 _c26261
_d26261